=LDR 00000nam 2200000 4500 =001 INLIS000000001054378 =005 20260121075700 =035 ##$$a 0010-0126000076 =007 ta =008 260121################g##########0#ind## =020 ##$$a 978-623-09-7992-7 =082 ##$$a 305.8 =084 ##$$a 305.8 ELE m =100 #$$a Elen Claudia =245 1#$$a Menghadapi tantangan multikultural : $b Membangun pemahaman dan toleransi /$c Elen Claudia =260 ##$$a Yogyakarta :$b Salim Sanjaya Media,$c 2025 =300 ##$$a halaman :vi-94 : $b ilustrasi ; $c 14 x 20 cm =600 #4$$a Multikulturalisme =990 ##$$a 02460246 =990 ##$$a 02460246 =990 ##$$a 02460246 =990 ##$$a 02460246